Algoritmické obchodovanie s využitím umelej inteligencie

Saved in:
Bibliographic Details
Main Author: Bútora, Roman (Author)
Other Authors: Drozda, Martin (Thesis advisor)
Format: Manuscript Book
Language:Slovak
Published: Bratislava : STU v Bratislave FEI, 2021
Subjects:
Online Access:https://opac.crzp.sk/?fn=detailBiblioForm&sid=38F43C5054BC4F7F2DB5C6F31F28&seo=CRZP-detail-kniha
Tags: Add Tag
No Tags, Be the first to tag this record!

MARC

LEADER 00000ntm a22000003a 4500
001 stuzp84771
003 SK-STU
005 20210810093301.6
007 ta
008 150427s2015----xo-----f-mn---000-0-slo-d
040 |a STU  |b slo 
041 0 |a slo 
044 |a xo 
100 1 |a Bútora, Roman  |u 035000  |4 aut  |U FEI Fakulta elektrotechniky a informatiky  |U FEI Fakulta elektrotechniky a informatiky  |T FEI Ústav informatiky a matematiky  |X 98041  |U E050  |Y 816  |7 98041 
242 0 1 |a Algorithmic trading with artificial intelligence  |y eng 
245 1 0 |a Algoritmické obchodovanie s využitím umelej inteligencie 
260 |a Bratislava : 
260 |b STU v Bratislave FEI, 
260 |c 2021 
300 |a 47 s., príl. 
650 4 |a Umelá inteligencia  |2 slo 
650 4 |a Algoritmické obchodovanie  |2 slo 
650 4 |a Reinforcement learning  |2 slo 
650 4 |a Konvolučné siete  |2 slo 
650 4 |a Neurónové siete  |2 slo 
650 4 |a Neural networks  |2 eng 
650 4 |a Convolutional neural networks  |2 eng 
650 4 |a Reinforcement learning  |2 eng 
650 4 |a Artificial intelligence  |2 eng 
650 4 |a Algorithmic trading  |2 eng 
700 1 |a Drozda, Martin  |u 035000  |k Z1  |4 ths  |U FEI Fakulta elektrotechniky a informatiky  |U FEI Fakulta elektrotechniky a informatiky  |T FEI Ústav informatiky a matematiky  |X 71006  |U E050  |Y 816  |7 A000071006 
856 4 |u https://opac.crzp.sk/?fn=detailBiblioForm&sid=38F43C5054BC4F7F2DB5C6F31F28&seo=CRZP-detail-kniha